Представление документа в формате MARC21

Поле Инд. ПП Название Значение
Тип записи a
Библиографический уровень m
001 Контрольный номер RU/IS/BASE/295023807
005 Дата корректировки 20141114154951.3
040 a Служба первич. каталог. НБ ТвГУ
b Код языка каталог. rus
e Правила каталог. PSBO
041 0_ a Код языка текста rus
080 a Индекс УДК 547(075.8)
084 a Индекс другой классификации/Индекс ББК Г21я73-1
090 a Полочн. индекс Г21
x Авторский знак У 91
245 10 a Заглавие Учебно-методическое пособие по дисциплине "Введение в специализацию"
b Продолж. заглавия для студентов 3 курса очной формы обучения : направление 020100 - Химия : специализация "Органическая химия"
c Ответственность Федерал. агентство по образованию, ГОУ ВПО "Твер. гос. ун-т" ; сост.: Ворончихина Л. И.
h Физич. носитель Электронный ресурс
260 a Место издания Тверь
b Издательство Тверской государственный университет
c Дата издания 2007
300 a Объем 32 с.
650 a Основная рубрика Химия
650 14 a Основная рубрика Органическая химия
x Основная подрубрика Теория
x Основная подрубрика Учебники для вузов
653 a Ключевые слова Органическая химия
a Ключевые слова Теоретическая органическая химия
a Ключевые слова Теория органической химии
a Ключевые слова Химия
700 1_ a Другие авторы Ворончихина Людмила Ивановна
d Дата 1939-
e Роль лиц сост.
856 u URL http://edc.tversu.ru/f/chf/spec/020100/ftdr0301.pdf
920 a Оператор Густ
930 a Новая/Ретро полный текст
a Новая/Ретро учебники
954 a Дата поступления на обработку 20090518